15 Richest countries in Europe in 1980 - Statistics

General Stats
  • This quiz has been taken 88 times
  • The average score is 13 of 15
Answer Stats
GDP per capita Country % Correct
9,655$ United Kingdom
99%
8,148$ Italy
98%
12,788$ France
96%
17,290$ Switzerland
96%
15,577$ Norway
95%
15,739$ Sweden
95%
10,754$ Austria
93%
11,037$ Finland
93%
13,611$ Denmark
92%
16,398$ Luxembourg
90%
12,699$ Belgium
87%
14,610$ Iceland
86%
13,129$ Netherlands
86%
11,656$ West Germany
69%
6,600$ East Germany
49%
No matching quizzes found
Score Distribution
Percent of People with Each Score
Percentile by Number Answered
Your Score History
You have not taken this quiz